[Event "European Chess Club Cup 2023"]
[Site "Durres, Albania"]
[Date "2023.10.06"]
[Round "6.64"]
[White "Vedrickas, Tautvydas"]
[Black "Cvitan, Ognjen"]
[Result "1-0"]
[TimeControl "90' + 30' & 30\""]
[WhiteElo "2329"]
[BlackElo "2426"]

1. d4 {[%clk 01:30:54]} {[%emt 00:00:05]} Nf6 {[%clk 01:29:54]} {[%emt
00:01:06]} 2. c4 {[%clk 01:30:55]} {[%emt 00:00:30]} g6 {[%clk 01:28:20]}
{[%emt 00:02:05]} 3. Nc3 {[%clk 01:31:07]} {[%emt 00:00:16]} Bg7 {[%clk
01:28:35]} {[%emt 00:00:16]} 4. e4 {[%clk 01:31:20]} {[%emt 00:00:17]} d6
{[%clk 01:28:45]} {[%emt 00:00:20]} 5. f3 {[%clk 01:31:16]} {[%emt 00:00:33]}
O-O {[%clk 01:28:48]} {[%emt 00:00:27]} 6. Bg5 {[%clk 01:30:20]} {[%emt
00:01:26]} c5 {[%clk 01:27:20]} {[%emt 00:01:59]} 7. d5 {[%clk 01:30:39]}
{[%emt 00:00:11]} e6 {[%clk 01:26:37]} {[%emt 00:01:13]} 8. Nge2 {[%clk
01:29:50]} {[%emt 00:01:18]} h6 {[%clk 01:21:22]} {[%emt 00:05:45]} 9. Be3
{[%clk 01:29:56]} {[%emt 00:00:25]} exd5 {[%clk 01:21:24]} {[%emt 00:00:28]} 10.
cxd5 {[%clk 01:30:20]} {[%emt 00:00:05]} a6 {[%clk 01:20:01]} {[%emt 00:01:54]}
11. a4 {[%clk 01:30:29]} {[%emt 00:00:20]} Nbd7 {[%clk 01:19:22]} {[%emt
00:01:10]} 12. Ng3 {[%clk 01:29:33]} {[%emt 00:01:25]} h5 {[%clk 01:15:28]}
{[%emt 00:04:24]} 13. Be2 {[%clk 01:29:13]} {[%emt 00:00:50]} h4 {[%clk
01:01:06]} {[%emt 00:14:53]} 14. Nf1 {[%clk 01:29:27]} {[%emt 00:00:15]} Nh7
{[%clk 01:01:12]} {[%emt 00:00:25]} 15. Nd2 {[%clk 01:27:08]} {[%emt 00:02:47]}
Qe7 {[%clk 00:59:09]} {[%emt 00:02:34]} 16. Nc4 {[%clk 01:16:59]} {[%emt
00:10:39]} Ne5 {[%clk 00:44:26]} {[%emt 00:15:13]} 17. Nb6 {[%clk 00:58:53]}
{[%emt 00:18:36]} Rb8 {[%clk 00:42:55]} {[%emt 00:02:02]} 18. Ra3 {[%clk
00:48:15]} {[%emt 00:11:08]} f5 {[%clk 00:36:18]} {[%emt 00:07:07]} 19. f4
{[%clk 00:38:59]} {[%emt 00:09:45]} Nd7 {[%clk 00:33:19]} {[%emt 00:03:29]} 20.
Nxc8 {[%clk 00:35:10]} {[%emt 00:04:20]} Rbxc8 {[%clk 00:33:27]} {[%emt
00:00:22]} 21. e5 {[%clk 00:34:59]} {[%emt 00:00:41]} dxe5 {[%clk 00:30:02]}
{[%emt 00:03:55]} 22. d6 {[%clk 00:34:21]} {[%emt 00:01:08]} Qf6 {[%clk
00:26:17]} {[%emt 00:04:15]} 23. Qd5+ {[%clk 00:26:33]} {[%emt 00:08:18]} Kh8
{[%clk 00:26:39]} {[%emt 00:00:08]} 24. Qxb7 {[%clk 00:25:11]} {[%emt
00:01:52]} Qxd6 {[%clk 00:26:36]} {[%emt 00:00:33]} 25. O-O {[%clk 00:22:14]}
{[%emt 00:03:26]} exf4 {[%clk 00:22:54]} {[%emt 00:04:12]} 26. Bxf4 {[%clk
00:22:22]} {[%emt 00:00:23]} Qd4+ {[%clk 00:17:39]} {[%emt 00:05:45]} 27. Kh1
{[%clk 00:22:42]} {[%emt 00:00:10]} Nhf6 {[%clk 00:17:22]} {[%emt 00:00:47]} 28.
Qxa6 {[%clk 00:21:37]} {[%emt 00:01:35]} Ng4 {[%clk 00:13:23]} {[%emt
00:04:29]} 29. Qxg6 {[%clk 00:20:21]} {[%emt 00:01:46]} Ndf6 {[%clk 00:13:42]}
{[%emt 00:00:11]} 30. Nd1 {[%clk 00:17:49]} {[%emt 00:03:01]} Rce8 {[%clk
00:13:38]} {[%emt 00:00:34]} 31. Bb5 {[%clk 00:13:24]} {[%emt 00:04:55]} Ne4
{[%clk 00:08:21]} {[%emt 00:05:47]} 32. Raf3 {[%clk 00:11:42]} {[%emt
00:02:12]} Rd8 {[%clk 00:07:38]} {[%emt 00:01:14]} 33. Ne3 {[%clk 00:07:41]}
{[%emt 00:04:31]} Nd2 {[%clk 00:03:21]} {[%emt 00:04:47]} 34. Nxf5 {[%clk
00:07:02]} {[%emt 00:01:09]} Nxf3 {[%clk 00:00:37]} {[%emt 00:03:14]} 35. Nxd4
{[%clk 00:05:29]} {[%emt 00:02:03]} Nfe5 {[%clk 00:00:33]} {[%emt 00:00:35]} 36.
Qh5+ {[%clk 00:05:21]} {[%emt 00:00:37]} Kg8 {[%clk 00:00:59]} {[%emt
00:00:04]} 37. Ne6 {[%clk 00:04:32]} {[%emt 00:01:18]} 1-0

[Event "European Chess Club Cup 2023"]
[Site "Durres, Albania"]
[Date "2023.10.06"]
[Round "6.65"]
[White "Haag, Gregor"]
[Black "Indriunas, Matas"]
[Result "1-0"]
[TimeControl "90' + 30' & 30\""]
[WhiteElo "2329"]
[BlackElo "2326"]

1. d4 {[%clk 01:30:57]} {[%emt 00:00:03]} Nf6 {[%clk 01:30:56]} {[%emt
00:00:06]} 2. c4 {[%clk 01:31:21]} {[%emt 00:00:05]} g6 {[%clk 01:31:17]}
{[%emt 00:00:08]} 3. Nc3 {[%clk 01:31:44]} {[%emt 00:00:07]} d5 {[%clk
01:31:38]} {[%emt 00:00:10]} 4. Nf3 {[%clk 01:31:58]} {[%emt 00:00:15]} Bg7
{[%clk 01:31:57]} {[%emt 00:00:11]} 5. Bg5 {[%clk 01:32:07]} {[%emt 00:00:21]}
Ne4 {[%clk 01:29:17]} {[%emt 00:03:11]} 6. Bf4 {[%clk 01:32:23]} {[%emt
00:00:14]} Nxc3 {[%clk 01:25:46]} {[%emt 00:04:01]} 7. bxc3 {[%clk 01:32:44]}
{[%emt 00:00:09]} c5 {[%clk 01:24:36]} {[%emt 00:01:40]} 8. e3 {[%clk
01:32:39]} {[%emt 00:00:34]} Nc6 {[%clk 01:15:35]} {[%emt 00:09:32]} 9. cxd5
{[%clk 01:30:51]} {[%emt 00:02:18]} Qxd5 {[%clk 01:15:57]} {[%emt 00:00:08]} 10.
Be2 {[%clk 01:30:50]} {[%emt 00:00:30]} cxd4 {[%clk 01:14:21]} {[%emt
00:02:07]} 11. cxd4 {[%clk 01:31:13]} {[%emt 00:00:07]} O-O {[%clk 01:11:55]}
{[%emt 00:02:56]} 12. O-O {[%clk 01:31:34]} {[%emt 00:00:09]} Bf5 {[%clk
01:11:08]} {[%emt 00:01:17]} 13. h4 {[%clk 01:31:32]} {[%emt 00:00:32]} h6
{[%clk 01:06:58]} {[%emt 00:04:40]} 14. Qa4 {[%clk 01:31:25]} {[%emt 00:00:36]}
Rfc8 {[%clk 00:56:34]} {[%emt 00:10:55]} 15. Rac1 {[%clk 01:14:37]} {[%emt
00:17:18]} Qd7 {[%clk 00:51:59]} {[%emt 00:05:05]} 16. Bb5 {[%clk 01:02:08]}
{[%emt 00:12:58]} a6 {[%clk 00:34:50]} {[%emt 00:17:40]} 17. Bxc6 {[%clk
01:01:46]} {[%emt 00:00:52]} Rxc6 {[%clk 00:32:36]} {[%emt 00:02:45]} 18. Rxc6
{[%clk 01:01:03]} {[%emt 00:01:11]} bxc6 {[%clk 00:27:23]} {[%emt 00:05:43]} 19.
Ne5 {[%clk 00:44:07]} {[%emt 00:17:27]} Bxe5 {[%clk 00:25:41]} {[%emt
00:02:11]} 20. Bxe5 {[%clk 00:44:31]} {[%emt 00:00:06]} Qd5 {[%clk 00:22:19]}
{[%emt 00:03:52]} 21. Rc1 {[%clk 00:36:49]} {[%emt 00:08:12]} Be6 {[%clk
00:21:34]} {[%emt 00:01:15]} 22. a3 {[%clk 00:34:43]} {[%emt 00:02:37]} Qe4
{[%clk 00:19:07]} {[%emt 00:02:56]} 23. Qxc6 {[%clk 00:28:48]} {[%emt
00:06:25]} Qxc6 {[%clk 00:13:52]} {[%emt 00:05:46]} 24. Rxc6 {[%clk 00:29:06]}
{[%emt 00:00:11]} a5 {[%clk 00:13:25]} {[%emt 00:00:58]} 25. e4 {[%clk
00:24:42]} {[%emt 00:04:53]} Ba2 {[%clk 00:10:38]} {[%emt 00:03:17]} 26. d5
{[%clk 00:22:48]} {[%emt 00:02:24]} a4 {[%clk 00:09:20]} {[%emt 00:01:48]} 27.
h5 {[%clk 00:15:48]} {[%emt 00:07:31]} f6 {[%clk 00:08:46]} {[%emt 00:01:04]}
28. Bc3 {[%clk 00:14:32]} {[%emt 00:01:45]} gxh5 {[%clk 00:08:59]} {[%emt
00:00:17]} 29. d6 {[%clk 00:11:44]} {[%emt 00:03:18]} exd6 {[%clk 00:07:28]}
{[%emt 00:02:02]} 30. Rxd6 {[%clk 00:12:03]} {[%emt 00:00:11]} Bb1 {[%clk
00:04:25]} {[%emt 00:03:33]} 31. f3 {[%clk 00:11:51]} {[%emt 00:00:41]} f5
{[%clk 00:04:41]} {[%emt 00:00:14]} 32. Rg6+ {[%clk 00:10:52]} {[%emt
00:01:29]} Kf7 {[%clk 00:04:22]} {[%emt 00:00:50]} 33. Rf6+ {[%clk 00:11:08]}
{[%emt 00:00:13]} Ke7 {[%clk 00:04:38]} {[%emt 00:00:12]} 34. Rxf5 {[%clk
00:11:09]} {[%emt 00:00:31]} Ra6 {[%clk 00:04:16]} {[%emt 00:00:52]} 35. Bd2
{[%clk 00:08:51]} {[%emt 00:02:49]} h4 {[%clk 00:02:17]} {[%emt 00:02:29]} 36.
Rh5 {[%clk 00:08:03]} {[%emt 00:01:17]} Kf7 {[%clk 00:02:13]} {[%emt 00:00:34]}
37. Bxh6 {[%clk 00:07:23]} {[%emt 00:01:10]} Rd6 {[%clk 00:02:26]} {[%emt
00:00:17]} 38. Rxh4 {[%clk 00:05:14]} {[%emt 00:02:39]} Rd3 {[%clk 00:02:38]}
{[%emt 00:00:18]} 39. Rf4+ {[%clk 00:05:25]} {[%emt 00:00:18]} Kg6 {[%clk
00:02:58]} {[%emt 00:00:11]} 40. Bf8 {[%clk 00:05:16]} {[%emt 00:00:40]} Ba2
{[%clk 00:03:22]} {[%emt 00:00:06]} 41. Be7 {[%clk 00:03:55]} {[%emt 00:01:51]}
Bc4 {[%clk 00:03:31]} {[%emt 00:00:20]} 42. Rf6+ {[%clk 00:01:05]} {[%emt
00:03:21]} Kg7 {[%clk 00:03:53]} {[%emt 00:00:08]} 43. Rc6 {[%clk 00:00:42]}
{[%emt 00:00:52]} Rd1+ {[%clk 00:04:09]} {[%emt 00:00:14]} 44. Kh2 {[%clk
00:00:37]} {[%emt 00:00:36]} Bf1 {[%clk 00:04:30]} {[%emt 00:00:09]} 45. Bb4
{[%clk 00:29:07]} {[%emt 00:02:00]} Kf7 {[%clk 00:34:43]} {[%emt 00:00:17]} 46.
g4 {[%clk 00:25:37]} {[%emt 00:03:59]} Be2 {[%clk 00:34:55]} {[%emt 00:00:18]}
47. Kg3 {[%clk 00:25:17]} {[%emt 00:00:50]} Rf1 {[%clk 00:34:36]} {[%emt
00:00:49]} 48. Rc3 {[%clk 00:25:06]} {[%emt 00:00:41]} Bd1 {[%clk 00:35:02]}
{[%emt 00:00:04]} 49. Kg2 {[%clk 00:24:31]} {[%emt 00:01:05]} Be2 {[%clk
00:35:14]} {[%emt 00:00:18]} 50. Re3 {[%clk 00:23:26]} {[%emt 00:01:35]} Bb5
{[%clk 00:35:37]} {[%emt 00:00:07]} 51. Re1 {[%clk 00:22:38]} {[%emt 00:01:18]}
Rxe1 {[%clk 00:35:34]} {[%emt 00:00:32]} 52. Bxe1 {[%clk 00:23:04]} {[%emt
00:00:05]} Kf6 {[%clk 00:35:57]} {[%emt 00:00:08]} 53. Bc3+ {[%clk 00:23:10]}
{[%emt 00:00:24]} Ke6 {[%clk 00:36:14]} {[%emt 00:00:13]} 54. f4 {[%clk
00:22:44]} {[%emt 00:00:55]} 1-0

[Event "European Chess Club Cup 2023"]
[Site "Durres, Albania"]
[Date "2023.10.06"]
[Round "6.66"]
[White "Setkauskas, Vaidas"]
[Black "Jaeggi, Dorian"]
[Result "1-0"]
[TimeControl "90' + 30' & 30\""]
[WhiteElo "2239"]
[BlackElo "2333"]

1. e4 {[%clk 01:30:50]} {[%emt 00:00:09]} c5 {[%clk 01:30:46]} {[%emt
00:00:14]} 2. Nf3 {[%clk 01:30:08]} {[%emt 00:01:12]} e6 {[%clk 01:30:55]}
{[%emt 00:00:21]} 3. d4 {[%clk 01:30:13]} {[%emt 00:00:25]} cxd4 {[%clk
01:31:03]} {[%emt 00:00:22]} 4. Nxd4 {[%clk 01:30:35]} {[%emt 00:00:08]} Nc6
{[%clk 01:30:44]} {[%emt 00:00:49]} 5. Nc3 {[%clk 01:26:26]} {[%emt 00:04:39]}
Qc7 {[%clk 01:30:59]} {[%emt 00:00:15]} 6. Be3 {[%clk 01:25:26]} {[%emt
00:01:30]} a6 {[%clk 01:31:10]} {[%emt 00:00:18]} 7. Qd2 {[%clk 01:24:56]}
{[%emt 00:01:01]} Nf6 {[%clk 01:31:17]} {[%emt 00:00:23]} 8. O-O-O {[%clk
01:23:47]} {[%emt 00:01:39]} Be7 {[%clk 01:29:03]} {[%emt 00:02:44]} 9. f3
{[%clk 01:22:54]} {[%emt 00:01:23]} O-O {[%clk 01:29:08]} {[%emt 00:00:25]} 10.
g4 {[%clk 01:21:00]} {[%emt 00:02:25]} b5 {[%clk 01:29:08]} {[%emt 00:00:29]}
11. g5 {[%clk 01:19:45]} {[%emt 00:01:46]} Nh5 {[%clk 01:29:22]} {[%emt
00:00:15]} 12. Nce2 {[%clk 01:18:57]} {[%emt 00:01:19]} Nxd4 {[%clk 01:28:05]}
{[%emt 00:01:46]} 13. Qxd4 {[%clk 01:13:21]} {[%emt 00:06:06]} Rd8 {[%clk
01:27:28]} {[%emt 00:01:06]} 14. Kb1 {[%clk 01:11:52]} {[%emt 00:02:00]} Bb7
{[%clk 01:22:54]} {[%emt 00:05:04]} 15. Ng3 {[%clk 01:08:27]} {[%emt 00:03:56]}
Nf4 {[%clk 01:17:50]} {[%emt 00:05:33]} 16. Bxf4 {[%clk 01:04:25]} {[%emt
00:04:32]} Qxf4 {[%clk 01:18:11]} {[%emt 00:00:08]} 17. Nh5 {[%clk 01:04:33]}
{[%emt 00:00:24]} e5 {[%clk 01:18:11]} {[%emt 00:00:29]} 18. Qf2 {[%clk
01:03:12]} {[%emt 00:01:51]} Qxg5 {[%clk 01:18:19]} {[%emt 00:00:22]} 19. Nxg7
{[%clk 01:03:29]} {[%emt 00:00:13]} Qh4 {[%clk 01:15:15]} {[%emt 00:03:35]} 20.
Qg1 {[%clk 00:49:13]} {[%emt 00:14:46]} Kh8 {[%clk 01:13:25]} {[%emt 00:02:19]}
21. Nf5 {[%clk 00:48:00]} {[%emt 00:01:43]} Qf6 {[%clk 01:10:45]} {[%emt
00:03:09]} 22. Bd3 {[%clk 00:46:38]} {[%emt 00:01:54]} Rg8 {[%clk 01:03:26]}
{[%emt 00:07:48]} 23. Qf2 {[%clk 00:31:09]} {[%emt 00:15:59]} Bf8 {[%clk
00:59:45]} {[%emt 00:04:11]} 24. Rhf1 {[%clk 00:23:16]} {[%emt 00:08:24]} Rc8
{[%clk 00:54:04]} {[%emt 00:06:10]} 25. f4 {[%clk 00:21:27]} {[%emt 00:02:19]}
Bc5 {[%clk 00:54:24]} {[%emt 00:00:09]} 26. fxe5 {[%clk 00:20:26]} {[%emt
00:01:33]} Qg5 {[%clk 00:48:20]} {[%emt 00:06:33]} 27. Qf3 {[%clk 00:18:15]}
{[%emt 00:02:41]} Rce8 {[%clk 00:48:28]} {[%emt 00:00:22]} 28. h4 {[%clk
00:12:47]} {[%emt 00:05:59]} Qg4 {[%clk 00:46:39]} {[%emt 00:02:18]} 29. Nh6
{[%clk 00:12:30]} {[%emt 00:00:47]} Qxf3 {[%clk 00:47:02]} {[%emt 00:00:07]} 30.
Rxf3 {[%clk 00:12:55]} {[%emt 00:00:06]} Rg6 {[%clk 00:47:02]} {[%emt
00:00:29]} 31. Nxf7+ {[%clk 00:12:20]} {[%emt 00:01:06]} Kg7 {[%clk 00:47:25]}
{[%emt 00:00:06]} 32. h5 {[%clk 00:03:30]} {[%emt 00:09:20]} Rg4 {[%clk
00:47:45]} {[%emt 00:00:09]} 33. a3 {[%clk 00:02:33]} {[%emt 00:01:29]} Re7
{[%clk 00:45:11]} {[%emt 00:03:03]} 34. Rdf1 {[%clk 00:02:46]} {[%emt
00:00:17]} h6 {[%clk 00:44:18]} {[%emt 00:01:22]} 35. Nd6 {[%clk 00:02:42]}
{[%emt 00:00:35]} Bxd6 {[%clk 00:42:55]} {[%emt 00:01:53]} 36. exd6 {[%clk
00:03:09]} {[%emt 00:00:03]} Re6 {[%clk 00:43:09]} {[%emt 00:00:16]} 37. Rf8
{[%clk 00:03:10]} {[%emt 00:00:30]} 1-0

[Event "European Chess Club Cup 2023"]
[Site "Durres, Albania"]
[Date "2023.10.06"]
[Round "6.67"]
[White "Nemeth, Miklos"]
[Black "Smirin, Ilia"]
[Result "0-1"]
[TimeControl "90' + 30' & 30\""]
[WhiteElo "2425"]
[BlackElo "2564"]

1. e4 {[%clk 01:30:58]} {[%emt 00:00:02]} c5 {[%clk 01:29:27]} {[%emt
00:01:34]} 2. Nf3 {[%clk 01:31:23]} {[%emt 00:00:05]} Nc6 {[%clk 01:29:36]}
{[%emt 00:00:20]} 3. d4 {[%clk 01:31:47]} {[%emt 00:00:06]} cxd4 {[%clk
01:29:56]} {[%emt 00:00:09]} 4. Nxd4 {[%clk 01:32:14]} {[%emt 00:00:04]} Nf6
{[%clk 01:30:05]} {[%emt 00:00:21]} 5. Nc3 {[%clk 01:32:37]} {[%emt 00:00:07]}
d6 {[%clk 01:30:31]} {[%emt 00:00:04]} 6. Bg5 {[%clk 01:32:18]} {[%emt
00:00:49]} e6 {[%clk 01:30:20]} {[%emt 00:00:40]} 7. Qd2 {[%clk 01:31:21]}
{[%emt 00:01:28]} a6 {[%clk 01:30:29]} {[%emt 00:00:21]} 8. O-O-O {[%clk
01:31:44]} {[%emt 00:00:07]} Bd7 {[%clk 01:30:39]} {[%emt 00:00:19]} 9. g3
{[%clk 01:20:15]} {[%emt 00:11:59]} Be7 {[%clk 01:25:32]} {[%emt 00:05:37]} 10.
Bg2 {[%clk 01:17:26]} {[%emt 00:03:20]} Ne5 {[%clk 01:24:07]} {[%emt 00:01:55]}
11. f4 {[%clk 01:10:52]} {[%emt 00:07:04]} Nc4 {[%clk 01:22:38]} {[%emt
00:01:59]} 12. Qd3 {[%clk 01:11:02]} {[%emt 00:00:20]} Rc8 {[%clk 01:09:33]}
{[%emt 00:13:35]} 13. Nb3 {[%clk 00:59:16]} {[%emt 00:12:16]} b5 {[%clk
01:04:10]} {[%emt 00:05:53]} 14. Nd2 {[%clk 00:51:36]} {[%emt 00:08:11]} Nb6
{[%clk 00:58:56]} {[%emt 00:05:43]} 15. e5 {[%clk 00:44:10]} {[%emt 00:07:57]}
dxe5 {[%clk 00:58:41]} {[%emt 00:00:45]} 16. fxe5 {[%clk 00:44:34]} {[%emt
00:00:06]} Nfd5 {[%clk 00:58:18]} {[%emt 00:00:52]} 17. Bxe7 {[%clk 00:44:01]}
{[%emt 00:01:04]} Qxe7 {[%clk 00:58:30]} {[%emt 00:00:17]} 18. Nxd5 {[%clk
00:40:15]} {[%emt 00:04:16]} exd5 {[%clk 00:58:01]} {[%emt 00:01:00]} 19. Rde1
{[%clk 00:38:57]} {[%emt 00:01:47]} O-O {[%clk 00:57:41]} {[%emt 00:00:50]} 20.
Nb3 {[%clk 00:38:08]} {[%emt 00:01:20]} Rc4 {[%clk 00:48:30]} {[%emt 00:09:40]}
21. Rhf1 {[%clk 00:21:51]} {[%emt 00:16:47]} Rfc8 {[%clk 00:45:08]} {[%emt
00:03:53]} 22. Rf2 {[%clk 00:22:09]} {[%emt 00:00:11]} Qb4 {[%clk 00:42:50]}
{[%emt 00:02:48]} 23. Ref1 {[%clk 00:20:39]} {[%emt 00:02:01]} Be6 {[%clk
00:43:02]} {[%emt 00:00:17]} 24. Kb1 {[%clk 00:20:10]} {[%emt 00:00:59]} d4
{[%clk 00:40:26]} {[%emt 00:03:05]} 25. Be4 {[%clk 00:18:28]} {[%emt 00:02:13]}
g6 {[%clk 00:40:38]} {[%emt 00:00:18]} 26. h4 {[%clk 00:18:27]} {[%emt
00:00:31]} Nd7 {[%clk 00:39:52]} {[%emt 00:01:16]} 27. Qd2 {[%clk 00:12:42]}
{[%emt 00:06:16]} Nxe5 {[%clk 00:37:20]} {[%emt 00:03:01]} 28. Qxb4 {[%clk
00:07:57]} {[%emt 00:05:15]} Rxb4 {[%clk 00:37:43]} {[%emt 00:00:07]} 29. Rd2
{[%clk 00:08:04]} {[%emt 00:00:22]} d3 {[%clk 00:21:10]} {[%emt 00:17:04]} 30.
Bxd3 {[%clk 00:06:46]} {[%emt 00:01:48]} Rg4 {[%clk 00:21:18]} {[%emt
00:00:21]} 31. Be2 {[%clk 00:05:41]} {[%emt 00:01:35]} Rxg3 {[%clk 00:19:48]}
{[%emt 00:02:00]} 32. Rd6 {[%clk 00:04:58]} {[%emt 00:01:14]} Bc4 {[%clk
00:18:03]} {[%emt 00:02:14]} 33. Bxc4 {[%clk 00:05:01]} {[%emt 00:00:28]} Nxc4
{[%clk 00:16:03]} {[%emt 00:02:30]} 34. Rd7 {[%clk 00:05:22]} {[%emt 00:00:10]}
Ne5 {[%clk 00:14:25]} {[%emt 00:02:07]} 35. Rd6 {[%clk 00:04:10]} {[%emt
00:01:43]} Rc6 {[%clk 00:12:16]} {[%emt 00:02:38]} 36. Rd5 {[%clk 00:04:24]}
{[%emt 00:00:17]} Re3 {[%clk 00:12:14]} {[%emt 00:00:31]} 37. a3 {[%clk
00:04:11]} {[%emt 00:00:44]} h5 {[%clk 00:11:09]} {[%emt 00:01:34]} 38. Nd4
{[%clk 00:02:17]} {[%emt 00:02:24]} Rb6 {[%clk 00:11:25]} {[%emt 00:00:13]} 39.
c3 {[%clk 00:01:15]} {[%emt 00:01:33]} Kg7 {[%clk 00:09:01]} {[%emt 00:02:54]}
40. Rf4 {[%clk 00:00:47]} {[%emt 00:00:58]} f6 {[%clk 00:04:08]} {[%emt
00:05:23]} 41. Kc2 {[%clk 00:26:58]} {[%emt 00:04:19]} Rg3 {[%clk 00:34:19]}
{[%emt 00:00:17]} 42. Kb3 {[%clk 00:24:15]} {[%emt 00:03:14]} Rg4 {[%clk
00:33:20]} {[%emt 00:01:28]} 43. Rxg4 {[%clk 00:19:42]} {[%emt 00:05:04]} hxg4
{[%clk 00:33:40]} {[%emt 00:00:10]} 44. Kb4 {[%clk 00:20:07]} {[%emt 00:00:06]}
g3 {[%clk 00:29:46]} {[%emt 00:04:24]} 45. Ne2 {[%clk 00:20:32]} {[%emt
00:00:05]} g2 {[%clk 00:30:12]} {[%emt 00:00:03]} 46. Ng1 {[%clk 00:20:59]}
{[%emt 00:00:03]} Rc6 {[%clk 00:24:48]} {[%emt 00:05:54]} 47. b3 {[%clk
00:18:44]} {[%emt 00:02:46]} a5+ {[%clk 00:24:52]} {[%emt 00:00:26]} 48. Kxa5
{[%clk 00:19:07]} {[%emt 00:00:07]} Rxc3 {[%clk 00:25:11]} {[%emt 00:00:10]} 49.
Rd2 {[%clk 00:19:30]} {[%emt 00:00:08]} Rxb3 {[%clk 00:25:05]} {[%emt
00:00:36]} 50. Rxg2 {[%clk 00:19:54]} {[%emt 00:00:05]} Kh6 {[%clk 00:24:39]}
{[%emt 00:00:56]} 0-1